Podniková stratégia - základ budúceho rozvoja podniku.
Definícia podnikovej stratégie. Tvorba podnikovej stratégie. Formovanie strategickej vízie o budúcom rozvoji podniku. Rozbor existujúcich (súčasných) podnikových zdrojov. Analýza rozvoja okolia podniku. Stanovenie strategických želaní a cieľov podniku. Vypracovanie stratégie. Metodologický postup vy...
Salvato in:
| Autore principale: | |
|---|---|
| Natura: | Capitolo di libro |
| Lingua: | slovacco |
| Soggetti: | |
| Tags: |
Nessun Tag, puoi essere il primo ad aggiungerne!!
|
MARC
| LEADER | 00000naa a2200000 4500 | ||
|---|---|---|---|
| 001 | r012713 | ||
| 005 | 20220826094531.6 | ||
| 041 | 0 | |a slo | |
| 044 | |a SK | ||
| 245 | 1 | 0 | |a Podniková stratégia - základ budúceho rozvoja podniku. |c A. Jassinger |
| 520 | |a Definícia podnikovej stratégie. Tvorba podnikovej stratégie. Formovanie strategickej vízie o budúcom rozvoji podniku. Rozbor existujúcich (súčasných) podnikových zdrojov. Analýza rozvoja okolia podniku. Stanovenie strategických želaní a cieľov podniku. Vypracovanie stratégie. Metodologický postup vypracovania tejto stratégie. Realizácia stratégie. | ||
| 610 | 2 | 0 | |a stratégia podniková |
| 610 | 2 | 0 | |a podnik poľnohospodársky |
| 100 | 1 | |a Jassinger, A. | |